00751nas a2200217Ia 4500001001100000003000900011008004100020040001300061040001300074041001300087100004300100210003700143222003700180245010400217250001100321260002600332501008600358300001900444362002700463650004300490R111/44664IT-RoPAU151124c99999999xx |||||||||||| ||und|| aIT-RoPAU cIT-RoPAU aITALIANO aPini MassimogCodice Aut. SPICS: 2027 aCOMUNICAZIONE DI MASSA (SUGARCO) aComunicazione Di Massa (Sugarco) aCOMUNICAZIONE DI MASSA (SUGARCO), ANNO 02-VOL.2 (1981)bStrategie Della Pubblicita' Radiotelevisiva a1a ed. aMILANObSUGARCOc1981 bPaulus - SPICS - Società San Paolo EM (non-commercial uses only)cCopyright2015 a5 p. [141-145] aANNO 002, VOL.2 (1981) aCOMUNICAZIONEvPUBBLICAZIONE PERIODICA